| 000 | 01204cam a2200361 a 4500 | ||
|---|---|---|---|
| 001 | |||
| 003 | DO-SdBNP | ||
| 005 | 20220302091045.0 | ||
| 007 | |||
| 008 | 020930s2020 dr a 000 1 spa | ||
| 010 | _a | ||
| 020 | _a9789945503685 | ||
| 040 |
_aBPMSU _cspa _bBPMSU |
||
| 082 |
_aRD863.5 _bN714p 2020 _222 |
||
| 100 | 1 | _aNin, Leonardo | |
| 245 | 1 | 0 |
_aPor eso no volveré nunca / _cLeonardo Nin _b |
| 260 |
_aSanto Domingo : _bMinisterio de Cultura ; _bEditora Nacional _c 2020 |
||
| 300 |
_a158 p. ; _c21 cm. _b |
||
| 490 | 0 | _aNarrativa | |
| 500 | _aIncluye datos biográficos del autor en la solapa de la cubierta | ||
| 500 | _aJurado : Juan Fernando Merino, Rosa Silverio y Daniel Tejada | ||
| 586 | _aPremio Letras de Ultramar de Cuento 2018 | ||
| 590 | _6Inventariado, 2021/VM | ||
| 611 |
_aPremio Letras de Ultramar de Cuento _d(2018 : _cSanto Domingo, República Dominicana ) |
||
| 650 | 4 |
_aCertámenes literarios _zRepública Dominicana |
|
| 650 | 4 | _aCuentos dominicanos | |
| 650 | 4 |
_aLiteratura dominicana _v |
|
| 650 | 4 | _a | |
| 700 | 1 | _aNin, Leonardo | |
| 710 | 2 | _aMinisterio de Cultura de la República Dominicana | |
| 910 | _aVMateo | ||
| 942 |
_2ddc _cBK |
||
| 999 |
_c13480 _d13480 |
||